00541nam a2200121Ia 4500001000400000008004100004082002300045100010500068245018000173260002400353901002700377999001500404332241024s9999 xx 000 0 und d aRD/372.97293/R426a aRepública Dominicana.Secretaria de Estado de Educación.Dirección Genera de Educación Inicial 0aAprendiendo Junta y Juntos Programa Educativo para los grupos Pedagógicos de Educación Inicial Fascículo 2, planificado para los niños y niñas del grado Pre-Primario bSanto Domingoc2006 a3/11/2010 2:03:33 p.m. c8643d8643